| 000 | 02524cam a22003974a 4500 | ||
|---|---|---|---|
| 001 | 16681689 | ||
| 003 | OSt | ||
| 005 | 20150408114102.0 | ||
| 008 | 110307s2011 enkab b 001 0 eng | ||
| 010 | _a 2011008027 | ||
| 020 | _a9780230210257 (pbk.) | ||
| 020 | _a0230210252 (pbk.) | ||
| 035 | _a(OCoLC)ocn430839352 | ||
| 040 |
_aDLC _cDLC _dYDX _dBTCTA _dYDXCP _dBWX _dCDX _dDLC |
||
| 042 | _apcc | ||
| 050 | 0 | 0 |
_aHF1359 _b.M672 2011 |
| 082 | 0 | 0 |
_a337 _222 _bM J G |
| 100 | 1 |
_aMorrison, Janet. _917780 |
|
| 245 | 1 | 4 |
_aThe global business environment : _bmeeting the challenges / _cJanet Morrison. |
| 250 | _a3rd ed. | ||
| 260 |
_aHoundmills, Basingstoke, Hampshire ; _aNew York : _bPalgrave Macmillan, _c2011. |
||
| 300 |
_axxx, 486 p. : _bill. (some col.), col. maps ; _c25 cm. |
||
| 500 | _aRev. ed. of: The international business environment / Janet Morrison. 2006. | ||
| 504 | _aIncludes bibliographical references and indexes. | ||
| 505 | 8 | _aMachine generated contents note: -- Introduction -- PART I: THE BUSINESS IN THE GLOBAL ENVIRONMENT -- Introduction to the Business Enterprise -- Globalisation and the Business Environment -- PART II: ECONOMIES AND MARKETS -- National Economies in the Global Environment -- International Trade and Global Competition -- Strategies for Globalisation -- PART III: SOCIETIES IN THE INTERNATIONAL ENVIRONMENT -- Cultural and Social Environments -- Political Environments -- Legal Environments -- PART IV: GLOBAL ISSUES AND BUSINESS -- Financial Markets -- Technology and Innovation -- Ecology and Climate Change -- Ethics and Corporate Social Responsibility -- Conclusions: Globalisation Revisited. | |
| 520 | _a"This book offers an accessible and engaging introduction to the business environment, covering the economic, political, social, legal, cultural, technological and financial dimensions to provide a comprehensive overview of the global environment within which businesses operate"-- | ||
| 650 | 0 |
_aInternational economic relations. _95913 |
|
| 650 | 0 | _aInternational business enterprises. | |
| 650 | 0 | _aInternational trade. | |
| 650 | 0 |
_aGlobalization _xEconomic aspects. _917781 |
|
| 650 | 0 |
_aCompetition, International. _917782 |
|
| 700 | 1 |
_aMorrison, Janet. _tInternational business environment. _917783 |
|
| 856 | 4 | 2 |
_3Cover image _uhttp://www.netread.com/jcusers/1388/2272662/image/lgcover.9780230210257.jpg |
| 942 |
_2ddc _cBOOK |
||
| 999 |
_c26202 _d260702 |
||